000 00351nam a2200133 u 4500
001 000020402
005 20200929170412.0
008 100813s19uu 000 0 spa d
040 _aDO-SdBNP
_bspa
_cBNPHU
082 _axxx
_bxxxx
245 1 0 _aApuntes sobre la guerra de guerrillas.
260 _a[s.l] :
_b[s. n],
_c[19--].
300 _a23 p. ;
_c19 cm.
999 _c19906
_d19906